Project management: manual de gestión de proyectos para arquitectos, ingenieros e interioristas
Saved in:
| Main Authors: | , |
|---|---|
| Format: | Book |
| Language: | Spanish |
| Published: |
Barcelona
Gustavo Gili
2002
|
| Edition: | 2a. ed |
| Subjects: | |
| Tags: |
Add Tag
No Tags, Be the first to tag this record!
|
MARC
| LEADER | 00000nam a2200000 a 4500 | ||
|---|---|---|---|
| 001 | UCJ2324 | ||
| 003 | CL-VaPUC | ||
| 008 | 061207e20020000SP |||||||||||||||||spa|d | ||
| 020 | |a 8425217016 | ||
| 082 | 0 | 4 | |a 658.401 |b BUR |2 21 |
| 100 | 0 | |a Burstein, David |e author |9 503315 | |
| 700 | 0 | |a Stasiowski, Frank |e author |9 503316 | |
| 245 | 1 | 0 | |a Project management: manual de gestión de proyectos para arquitectos, ingenieros e interioristas |
| 250 | |a 2a. ed | ||
| 300 | |a 208 p | ||
| 942 | |c BK | ||
| 945 | |d 20061207 00:00:00 |a jtorresc | ||
| 260 | |a Barcelona |b Gustavo Gili |c 2002 | ||
| 650 | 0 | |a Gestión de proyectos |9 260970 | |
| 650 | 7 | |a PLANIFICACION DE PROYECTOS |2 CL-VaPUC |9 364615 | |
| 650 | 0 | |a Control |9 330602 | |
| 650 | 0 | |a Administración |9 259325 | |
| 650 | 0 | |a Recursos humanos |9 228420 | |
| 650 | 0 | |a Marketing |9 259324 | |
| 583 | |a last modification |c 20061207 00:00:00 |k Rodrigo Vera | ||
| 999 | |c 318657 |d 318655 | ||
| 952 | |0 0 |1 0 |4 0 |6 658_401000000000000_BUR_2002 |7 0 |8 A |9 396632 |a BIBARQ |b BIBARQ |d 2019-11-22 |i 4305183 |o 658.401 BUR 2002 |p 4305183 |r 2025-01-20 |w 2019-11-22 |y BK |k ARQ | ||